Commentaries on U.P. consolidation of holdings act, 1953 (U.P. act no. v of 1954) (Record no. 80749)

MARC details
000 -LEADER
fixed length control field 01025cam a22002531 4500
001 - CONTROL NUMBER
control field sa 68005444
003 - CONTROL NUMBER IDENTIFIER
control field DLC
005 - DATE AND TIME OF LATEST TRANSACTION
control field 20260227112509.0
008 - FIXED-LENGTH DATA ELEMENTS--GENERAL INFORMATION
fixed length control field 710915s1968 ii k 000 0 eng
010 ## - LIBRARY OF CONGRESS CONTROL NUMBER
LC control number sa 68005444
025 ## - OVERSEAS ACQUISITION NUMBER
Overseas acquisition number PL480:I-E-10077
040 ## - CATALOGING SOURCE
Original cataloging agency DLC
Transcribing agency DLC
Modifying agency DLC
043 ## - GEOGRAPHIC AREA CODE
Geographic area code a-ii---
050 00 - LIBRARY OF CONGRESS CALL NUMBER
Classification number KNU8100.5.A311953
Item number A76 1968
082 00 - DEWEY DECIMAL CLASSIFICATION NUMBER
Classification number 340
110 1# - MAIN ENTRY--CORPORATE NAME
Corporate name or jurisdiction name as entry element Uttar Pradesh, India.
Form subheading Laws, statutes, etc.
245 10 - TITLE STATEMENT
Title Commentaries on U.P. consolidation of holdings act, 1953 (U.P. act no. v of 1954)
Remainder of title to-gether with rules, notifications, charts showing when and where the consolidation operations were started, cancelled or closed with an exhaustive and uptodate digest of case law,
Statement of responsibility, etc. by Ejaz Ahmed and K. K. Malik.
260 ## - PUBLICATION, DISTRIBUTION, ETC.
Place of publication, distribution, etc. Lucknow,
Name of publisher, distributor, etc. Eastern Book Co.
Date of publication, distribution, etc. [1968]
300 ## - PHYSICAL DESCRIPTION
Extent xxxiii, 476, [a]-1, cxxi p.
Other physical details forms.
Dimensions 25 cm.
350 ## - PRICE (NR) (BK AM CF MU VM SE) [OBSOLETE]
Price Rs22.50
650 #0 - SUBJECT ADDED ENTRY--TOPICAL TERM
Topical term or geographic name entry element Consolidation of land holdings
General subdivision Law and legislation
Geographic subdivision India
-- Uttar Pradesh.
700 1# - ADDED ENTRY--PERSONAL NAME
Personal name Ahmad, Ejaz,
Relator term ed.
700 1# - ADDED ENTRY--PERSONAL NAME
Personal name Malik, K. K.,
Relator term ed.

No items available.

Powered by Koha